000 00453cam a22001097a 4500
008 180718b1966 xxu||||| |||| 00| 0 eng d
082 _aXA94x54 In2/17
245 _aReport on family living survey among industrial workers 1958-59 : Sambal Pur
_cby Labour Bureau, Ministry of Labour and Employment, India
260 _aDelhi
_bThe Manager Government of India Press
_c1966
300 _a89+p.
700 _aIndia.Ministry of Labour and Employment. Labour Bureau
999 _c498955
_d498955